000 00699nam a2200265Ia 4500
008 170203s9999 xx 000 0 und d
020 _a1552801640
050 _a0 30
050 _bP243t 1996
100 _aParker, Steve.
245 4 _aThe crazy world of?what if-- :
245 _bspace, airplanes, the earth, the human body, giraffes, sharks /
245 _cSteve Parker.
260 _aLondon :
260 _bAlladin books Ltd.
260 _c1996
300 _a176 pages :
300 _bcolor illustrations ;
300 _c29 cm.
500 _aIncludes index.
650 _aQuestions and answers.
650 _aScience --
650 _aScience.
650 _xMiscellanea.
999 _c305679
_d305679